<?xml version="1.0" encoding="UTF-8"?>
<record
    xmlns:xsi="http://www.w3.org/2001/XMLSchema-instance"
    xsi:schemaLocation="http://www.loc.gov/MARC21/slim http://www.loc.gov/standards/marcxml/schema/MARC21slim.xsd"
    xmlns="http://www.loc.gov/MARC21/slim">

  <leader>00390    a2200133   4500</leader>
  <controlfield tag="005">20250613074106.0</controlfield>
  <datafield tag="020" ind1=" " ind2=" ">
    <subfield code="a">978-9966-493-1</subfield>
  </datafield>
  <datafield tag="082" ind1=" " ind2=" ">
    <subfield code="a">330.'024'51MUK</subfield>
  </datafield>
  <datafield tag="100" ind1=" " ind2=" ">
    <subfield code="a">MUKRAS. M. S.</subfield>
  </datafield>
  <datafield tag="245" ind1=" " ind2=" ">
    <subfield code="a">Mathematical Methods for Economics: Tools and Applications.</subfield>
  </datafield>
  <datafield tag="260" ind1=" " ind2=" ">
    <subfield code="a">Nairobi,</subfield>
    <subfield code="b">MUKRAS. M. S,</subfield>
    <subfield code="c">2008.</subfield>
  </datafield>
  <datafield tag="300" ind1=" " ind2=" ">
    <subfield code="a">xiv,751p, ill, table, figure</subfield>
    <subfield code="b">Appendix&amp; Index</subfield>
    <subfield code="c">25cm</subfield>
  </datafield>
  <datafield tag="942" ind1=" " ind2=" ">
    <subfield code="2">ddc</subfield>
    <subfield code="c">BKS</subfield>
  </datafield>
  <datafield tag="999" ind1=" " ind2=" ">
    <subfield code="c">3939</subfield>
    <subfield code="d">3939</subfield>
  </datafield>
  <datafield tag="952" ind1=" " ind2=" ">
    <subfield code="r">2025-06-13 07:46:48</subfield>
    <subfield code="l">0</subfield>
    <subfield code="o">330.'024'51MUK</subfield>
    <subfield code="p">DOM000783</subfield>
    <subfield code="v">117000.00</subfield>
    <subfield code="w">2025-06-13</subfield>
    <subfield code="y">BKS</subfield>
    <subfield code="1">0</subfield>
    <subfield code="2">ddc</subfield>
    <subfield code="4">0</subfield>
    <subfield code="7">0</subfield>
    <subfield code="0">0</subfield>
    <subfield code="a">004</subfield>
    <subfield code="b">004</subfield>
    <subfield code="c">GEN</subfield>
    <subfield code="d">2011-04-18</subfield>
    <subfield code="g">39000.00</subfield>
  </datafield>
  <datafield tag="952" ind1=" " ind2=" ">
    <subfield code="r">2025-06-13 07:51:15</subfield>
    <subfield code="l">0</subfield>
    <subfield code="o">330.'024'51MUK</subfield>
    <subfield code="p">DOM000785</subfield>
    <subfield code="v">117000.00</subfield>
    <subfield code="w">2025-06-13</subfield>
    <subfield code="y">BKS</subfield>
    <subfield code="1">0</subfield>
    <subfield code="2">ddc</subfield>
    <subfield code="4">0</subfield>
    <subfield code="7">0</subfield>
    <subfield code="0">0</subfield>
    <subfield code="a">004</subfield>
    <subfield code="b">004</subfield>
    <subfield code="c">GEN</subfield>
    <subfield code="d">2011-04-18</subfield>
    <subfield code="g">39000.00</subfield>
  </datafield>
  <datafield tag="952" ind1=" " ind2=" ">
    <subfield code="r">2025-06-13 07:54:42</subfield>
    <subfield code="l">0</subfield>
    <subfield code="o">330.'024'51MUK</subfield>
    <subfield code="p">DOM000786</subfield>
    <subfield code="v">117000.00</subfield>
    <subfield code="w">2025-06-13</subfield>
    <subfield code="y">BKS</subfield>
    <subfield code="1">0</subfield>
    <subfield code="2">ddc</subfield>
    <subfield code="4">0</subfield>
    <subfield code="7">0</subfield>
    <subfield code="0">0</subfield>
    <subfield code="a">004</subfield>
    <subfield code="b">004</subfield>
    <subfield code="c">GEN</subfield>
    <subfield code="d">2011-04-18</subfield>
    <subfield code="g">39000.00</subfield>
  </datafield>
  <datafield tag="952" ind1=" " ind2=" ">
    <subfield code="r">2025-06-13 07:55:47</subfield>
    <subfield code="l">0</subfield>
    <subfield code="o">330.'024'51MUK</subfield>
    <subfield code="p">DOM000784</subfield>
    <subfield code="v">117000.00</subfield>
    <subfield code="w">2025-06-13</subfield>
    <subfield code="y">BKS</subfield>
    <subfield code="1">0</subfield>
    <subfield code="2">ddc</subfield>
    <subfield code="4">0</subfield>
    <subfield code="7">0</subfield>
    <subfield code="0">0</subfield>
    <subfield code="a">004</subfield>
    <subfield code="b">004</subfield>
    <subfield code="c">GEN</subfield>
    <subfield code="d">2011-04-18</subfield>
    <subfield code="g">39000.00</subfield>
  </datafield>
  <datafield tag="952" ind1=" " ind2=" ">
    <subfield code="r">2025-06-13 07:56:56</subfield>
    <subfield code="l">0</subfield>
    <subfield code="o">330.'024'51MUK</subfield>
    <subfield code="p">DOM000782</subfield>
    <subfield code="v">117000.00</subfield>
    <subfield code="w">2025-06-13</subfield>
    <subfield code="y">BKS</subfield>
    <subfield code="1">0</subfield>
    <subfield code="2">ddc</subfield>
    <subfield code="4">0</subfield>
    <subfield code="7">0</subfield>
    <subfield code="0">0</subfield>
    <subfield code="a">004</subfield>
    <subfield code="b">004</subfield>
    <subfield code="c">GEN</subfield>
    <subfield code="d">2011-04-18</subfield>
    <subfield code="g">39000.00</subfield>
  </datafield>
</record>
